000 00441nam a22001697a 4500
003 OSt
008 241023b |||||||| |||| 00| 0 eng d
020 _a9781856697637
082 _a658.8 MOV
100 _aMORGAN, Tony
245 _aVisual Merchandising: Window and In-Store Displays for Retail
250 _a2nd. ed.
260 _aLondon,
_bLaurence King Publishing,
_c2014,
300 _a208 p.
650 _aB.FAD.
942 _2ddc
_cREF
999 _c12969
_d12969